[Event "ECU-ch Schools U15 Girls Clas1"]
[Site "Chess.com INT"]
[Date "2020.11.05"]
[Round "7"]
[White "Pena Morocho, Kimberly Tatiana"]
[Black "Rodriguez Zamora, Hanna Gabriela"]
[Result "0-1"]
[WhiteElo "180"]
[BlackElo "1309"]
[PlyCount "82"]
[EventDate "2020.11.05"]
[EventType "swiss"]
[EventRounds "9"]
[EventCountry "ECU"]
[SourceTitle "EXT 2022"]
[Source "ChessBase"]
[SourceDate "2021.10.06"]
[SourceVersion "1"]
[SourceVersionDate "2021.10.06"]
[SourceQuality "1"]

1. e4 c6 2. d4 d5 3. exd5 cxd5 4. Nf3 Nf6 5. Be2 Nc6 6. 0-0 Bf5 7. b3 h6 8. c4 e6 9. Re1 Be7 10. Nc3 0-0 11. Nh4 Bh7 12. Nf3 dxc4 13. bxc4 Qd7 14. h3 Rfd8 15. Be3 a6 16. Qb3 Rab8 17. Rad1 Nb4 18. a3 Nc2 19. Rf1 Nxe3 20. fxe3 Qe8 21. Ne5 Bd6 22. Ng4 Nxg4 23. Bxg4 Qe7 24. c5 Bc7 25. Rf3 f5 26. Bxf5 Bxf5 27. Rxf5 b6 28. Rf3 bxc5 29. Qc2 cxd4 30. exd4 Bb6 31. Rf4 Qc7 32. Rdf1 Rbc8 33. Qf2 Qxc3 34. Qf3 Qxf3 35. R4xf3 Bxd4+ 36. Kh2 Be5+ 37. Kh1 Rd6 38. Re3 Bf6 39. Rb1 Rc2 40. Rb8+ Kh7 41. Rb1 Rcd2 0-1

[Event "ECU-ch Schools U15 Girls Clas1"]
[Site "Chess.com INT"]
[Date "2020.11.05"]
[Round "6"]
[White "Roman Tapia, Ariana Alejandra"]
[Black "Pena Morocho, Kimberly Tatiana"]
[Result "0-1"]
[WhiteElo "1475"]
[BlackElo "180"]
[PlyCount "70"]
[EventDate "2020.11.05"]
[EventType "swiss"]
[EventRounds "9"]
[EventCountry "ECU"]
[SourceTitle "EXT 2022"]
[Source "ChessBase"]
[SourceDate "2021.10.06"]
[SourceVersion "1"]
[SourceVersionDate "2021.10.06"]
[SourceQuality "1"]

1. e4 c5 2. c3 g6 3. d4 cxd4 4. cxd4 Bg7 5. Nf3 e6 6. Nc3 Ne7 7. Be3 0-0 8. Bd3 d5 9. e5 Nbc6 10. 0-0 Rb8 11. Qd2 Nb4 12. a3 Nxd3 13. Qxd3 Nf5 14. Bg5 Qd7 15. Qd2 b6 16. g4 Ne7 17. Bh6 Ba6 18. Rfe1 Nc6 19. Bxg7 Kxg7 20. Qg5 Na5 21. Qf6+ Kg8 22. Qh4 Kg7 23. Ng5 h6 24. Nf3 Nc4 25. Qf6+ Kh7 26. b4 Nb2 27. Re3 Nc4 28. Ree1 Nb2 29. Reb1 Nc4 30. b5 Bb7 31. a4 Rbc8 32. Ne2 Rg8 33. g5 h5 34. Nh4 Rcf8 35. Nf4 Nd2 0-1